000 00852nam a2200217Ii 4500
003 JO-AjNU
008 230605s9999||||xx |||||||||||||| ||und||
017 _a2005/11/2583
040 _aJO-AjNU
_bara
_erda
_cJO-AjNU
041 _aara
050 1 4 _aQ180.A1.M36 2007
100 3 _aأبو زينة، فريد كامل / م. مشارك عبد الحافظ الشايب ، عماد عبابنة؛ اشراف سعيد التل ,
_eauthor
_927927
245 0 0 _aمناهج البحث العلمي الاحصاء في البحث العلمي
250 _aط2
264 3 1 _aعمان:دار المسيرة ، 2007
300 _a392ص
_bجداول 779-391
336 _atext
_btxt
_2rdacontent
337 _aunmediated
_bn
_2rdamedia
338 _avolume
_bnc
_2rdacarrier
650 4 _aالابحاث العلمية - الاحصاء الوصفي
_927928
999 _aA10770
_c14338
_d14338